000 00313nam a22001337a 4500
003 SGT
020 _a97893787829
082 _a363.25
_bSIN
100 _aSINGH KHUSHAL
245 _aNTA UGC NET-JRF/SET/FACT FORENSIC SCIENCE
_bPAPER -II
260 _aINDIA
_bSSB PUB
_c2024
300 _a644
942 _2ddc
_cBK
999 _c34724
_d34724